000 00687nam a2200289Ia 4500
005 20260324120436.0
008 008 260324s9999 xx 000 0 eng d
020 _a9781315607825
037 _aEBOOK
040 _aCRL
040 _beng
040 _cCRL
041 _2eng
041 _aeng
084 _qCRL
100 _aRoger Morriss
_91158588
245 0 _aScience, Utility and Maritime Power
245 0 _bSamuel Bentham in Russia, 1779-91
260 _bTaylor and Francis
260 _c2015
365 _a
365 _b240
856 _uhttp://www.taylorfrancis.com/books/9781315607825
942 _cEBOOK
999 _c1750122
_d1750122